Bilder nach Buchstabe - N #2 - Statistiken

Allgemein
  • Dieses Quiz wurde 193 mal gespielt
  • Das Durchschnittsergebnis liegt bei 9 aus 16
Antwortstatistiken
Bildquiz Antwort % Korrekt
Nena
92%
Nordpol
91%
Nationalmannschaft
86%
Nordkorea
82%
New York
81%
Nerd
79%
Nordlichter
78%
Nixe
49%
Nylon
43%
Nougat
41%
Nutria
39%
Nachtigall
29%
Namibia
28%
Nibelungen
21%
Neckar
18%
Nymphenburg
16%
Keine übereinstimmenden Quizze gefunden
Verteilung der Resultate
Anzahl Personen mit jedem Resultat
Perzentil nach korrekt beantworteten Fragen
Ihre Resultats-Entwicklung
Sie haben dieses Quiz noch nicht gespielt